| 000 | 01943cam a2200445 a 4500 | ||
|---|---|---|---|
| 999 |
_c466 _d466 |
||
| 001 | 16143379 | ||
| 003 | OSt | ||
| 005 | 20190815130557.0 | ||
| 008 | 100318s2011 nyu b 000 p eng | ||
| 010 | _a 2010011690 | ||
| 020 | _a9781250040107 | ||
| 035 | _a(OCoLC)ocn606403800 | ||
| 040 |
_aDLC _beng _cDLC _dIG# _dYDXCP _dHSA _dIK2 _dW3M _dOCLCQ _dVP@ _dDLC |
||
| 042 |
_alcac _apcc |
||
| 043 | _acc----- | ||
| 082 | 0 | 0 |
_a811 ENG _222 |
| 100 | 1 |
_aEngle, Margarita. _eauthor |
|
| 245 | 1 | 0 |
_aHurricane dancers : _bthe first Caribbean pirate shipwreck / _cMargarita Engle. |
| 246 | 3 | 0 | _aFirst Caribbean pirate shipwreck |
| 246 | 3 | _a1st Caribbean pirate shipwreck | |
| 250 | _a1st ed. | ||
| 260 |
_aNew York : _bHenry Holt & Co., _c2011. |
||
| 300 |
_aix, 145 p. ; _c22 cm. |
||
| 504 | _aIncludes bibliographical references (p. 142-143). | ||
| 505 | 0 | _apt. 1. Wild sea -- pt. 2. Brave earth -- pt. 3. Hidden -- pt. 4. The sphere court -- pt. 5. The sky horse -- pt. 6. Far light. | |
| 520 | _aQuebrado has been a slave on captain Bernadino de Talavera's pirate ship for years, but when a hurricane sinks the ship and kills most of the crew, Quebrado escapes to safety and finds acceptance and refuge in a nearby village. | ||
| 521 | 1 | _a012-up. | |
| 650 | 0 |
_aShipwrecks _zCaribbean Area _vJuvenile poetry. |
|
| 650 | 0 |
_aPirates _zCaribbean Area _xHistory _y16th century _vJuvenile poetry. |
|
| 650 | 0 |
_aIndians of the West Indies _vJuvenile poetry. |
|
| 650 | 0 | _aChildren's poetry, American. | |
| 650 | 1 |
_aShipwrecks _vPoetry. |
|
| 650 | 1 |
_aPirates _vPoetry. |
|
| 650 | 1 |
_aIndians of the West Indies _vPoetry. |
|
| 650 | 1 | _aAmerican poetry. | |
| 651 | 0 |
_aCaribbean Area _vJuvenile poetry. |
|
| 906 |
_a7 _bcbc _corignew _d1 _eecip _f20 _gy-gencatlg |
||
| 942 |
_2ddc _cNFIC |
||